00413nam a2200133Ia 450000500170000000800410001702000180005808200230007610000610009924500320016026000410019230000140023365000320024720250407095332.0231217s9999 xx 000 0 und d a9788126513215 a001.6424OFF WAL;1 aWalkenbach, John. Tyson, Herb. Wempen, Faithe...[et al.] 0aMicrosoft office 2007 bible c2007bJohn wiley and sonsaNew Delhi axli, 1174 aMicrosoft,office,2007,bible